Approved European property valuation standards. (Record no. 96347)

MARC details
000 -LEADER
fixed length control field 01067cam a2200265 4500
008 - FIXED-LENGTH DATA ELEMENTS--GENERAL INFORMATION
fixed length control field 090401t1997 xxu||||| |||| 00| 0 eng d
020 ## - INTERNATIONAL STANDARD BOOK NUMBER
International Standard Book Number 0728202794
035 ## - SYSTEM CONTROL NUMBER
System control number (Sirsi) u77728
041 ## - LANGUAGE CODE
Language code of text/sound track or separate title eng
050 ## - LIBRARY OF CONGRESS CALL NUMBER
Classification number 333.332094
-- 18
110 ## - MAIN ENTRY--CORPORATE NAME
Corporate name or jurisdiction name as entry element TEGoVA
9 (RLIN) 3466
245 ## - TITLE STATEMENT
Title Approved European property valuation standards.
250 ## - EDITION STATEMENT
Edition statement 3rd ed.
260 ## - PUBLICATION, DISTRIBUTION, ETC.
Place of publication, distribution, etc. London
Name of publisher, distributor, etc. Estates Gazette
Date of publication, distribution, etc. 1997
300 ## - PHYSICAL DESCRIPTION
Extent ix,116p.
Dimensions 30cm.
350 ## - PRICE (NR) (BK AM CF MU VM SE) [OBSOLETE]
Price 60
520 ## - SUMMARY, ETC.
Summary, etc. TEGOVA was formed following a merger of the European Group of Valuers of Fixed Assets and EUROVAL with associate membership from Central and Eastern European organisations. This is the third edition of the standards which are intended to establish common valuation standards representing the views of professional bodies throughout the European Union.
520 ## - SUMMARY, ETC.
Summary, etc. Superseded by fourth edition (ISBN 0728203480).
650 ## - SUBJECT ADDED ENTRY--TOPICAL TERM
Topical term or geographic name entry element EUROPEAN VALUATION STANDARDS
650 ## - SUBJECT ADDED ENTRY--TOPICAL TERM
Topical term or geographic name entry element EUROPE
690 ## - LOCAL SUBJECT ADDED ENTRY--TOPICAL TERM (OCLC, RLIN)
Topical term or geographic name as entry element PROPERTY-PROPERTY APPRAISAL AND VALUATION
700 ## - ADDED ENTRY--PERSONAL NAME
Personal name Champness, Peter
942 ## - ADDED ENTRY ELEMENTS (KOHA)
Suppress in OPAC 0
948 ## - LOCAL PROCESSING INFORMATION (OCLC); SERIES PART DESIGNATOR (RLIN)
c (OCLC) 15/04/1997
Holdings
Withdrawn status Lost status Source of classification or shelving scheme Damaged status Not for loan Home library Current library Shelving location Date acquired Cost, normal purchase price Total Checkouts Full call number Barcode Date last seen Copy number Cost, replacement price Price effective from Koha item type
    Dewey Decimal Classification     London London Basement 16/05/1997 60.00   RESERVE SHELF 303 30052328 06/08/2019 1 60.00 06/08/2019 Reference material